Principios de interpretación del Rorschach. Manual para el sistema comprensivo.

Salvato in:
Dettagli Bibliografici
Autore principale: Exner, John E., Jr (autor)
Natura: Sconosciuto
Pubblicazione: Madrid, España: Psimática, 2005.
Soggetti:
Tags: Aggiungi Tag
Nessun Tag, puoi essere il primo ad aggiungerne!!

MARC

LEADER 00000 a2200000 4500
003 CL-VaPUC
005 20231004094718.0
008 230928t2005 ||||| |||| 00| 0 eng d
999 |c 441873  |d 441871 
020 |a 84-88909-13-6 
040 |c Pontificia Universidad Católica de Valparaíso 
082 7 |2 22  |a 155.2842 EXN 2005 
100 |a Exner, John E.,  |9 884774  |c Jr.   |e autor 
245 |a Principios de interpretación del Rorschach.  |b Manual para el sistema comprensivo. 
260 |a Madrid, España:  |b Psimática,  |c 2005.  
300 |a 506 páginas.  
583 |k GC  |c 20230928 
650 0 |a Tests psicológicos  |9 308644 
650 0 |a Test de Roschach  |v Interpretación   |9 884788 
942 |2 ddc  |c BK 
952 |0 0  |1 0  |2 ddc  |4 0  |6 155_284200000000000_EXN_2005  |7 0  |8 R  |9 591732  |a BIBEDU  |b BIBEDU  |c MCIRC  |d 2023-09-27  |e 3  |g 55107.00  |i 5658813  |l 1  |o 155.2842 EXN 2005  |p 5658813  |r 2024-11-13  |s 2024-11-13  |t 4  |v 55107.00  |w 2023-09-27  |y BK  |k PSI 
952 |0 0  |1 0  |2 ddc  |4 0  |6 155_284200000000000_EXN_2005  |7 0  |8 R  |9 591733  |a BIBEDU  |b BIBEDU  |c MCIRC  |d 2023-09-27  |e 3  |g 55107.00  |i 5658814  |l 1  |o 155.2842 EXN 2005  |p 5658814  |r 2023-11-03  |s 2023-11-03  |t 5  |v 55107.00  |w 2023-09-27  |y BK  |k PSI 
952 |0 0  |1 0  |2 ddc  |4 0  |6 155_284200000000000_EXN_2005  |7 0  |8 R  |9 591734  |a BIBEDU  |b BIBEDU  |c MCIRC  |d 2023-09-27  |e 3  |g 55107.00  |i 5658812  |o 155.2842 EXN 2005  |p 5658812  |r 2023-09-27  |t 3  |v 55107.00  |w 2023-09-27  |y BK  |k PSI 
952 |0 0  |1 0  |2 ddc  |4 0  |6 155_284200000000000_EXN_2005  |7 0  |8 R  |9 591735  |a BIBEDU  |b BIBEDU  |c MCIRC  |d 2023-09-27  |e 3  |g 55107.00  |i 5658810  |o 155.2842 EXN 2005  |p 5658810  |r 2023-09-27  |t 1  |v 55107.00  |w 2023-09-27  |y BK  |k PSI 
952 |0 0  |1 0  |2 ddc  |4 0  |6 155_284200000000000_EXN_2005  |7 0  |8 R  |9 591736  |a BIBEDU  |b BIBEDU  |c MCIRC  |d 2023-09-27  |e 3  |g 55107.00  |i 5658811  |o 155.2842 EXN 2005  |p 5658811  |r 2023-09-27  |t 2  |v 55107.00  |w 2023-09-27  |y BK  |k PSI